Leader xxxxxxxxxx
001 __ PCLIS00055753
005 __ 20220216142429.0
010 0_ |a978-986-499-063-4|b平裝|dNT$380
042 __ |anbim
100 __ |a20190312d2019 de y0chiy09 e
101 0_ |achi
102 __ |atw
105 __ |ay z 000ay
200 1_ |a三國演義|f郭濟訪改寫|g羅貫中原著
205 __ |a初版
210 __ |a臺北市|c龍少年出版|c龍圖騰文化發行|d2019.07[民108]
211 __ |a1904
215 0_ |a287面|d21公分
225 1_ |a鳳凰文庫|vPHY023
225 1_ |a中國經典文庫|vPHY023
606 __ |2cst|a章回小說
681 __ |a857.4523|b8445
700 _1 |a郭|b濟訪|4改寫
701 _1 |s明|a羅|b貫中|f1320-1400|4原著
801 _0 |atw|bCIP
801 _1 |atw|b內湖高中|c20220128|gCCR
801 _2 |atw|b內湖高中|c20220128|gCCR
|